=LDR 00000nam 2200000 4500 =001 NUTBA000000000002166 =005 20140606094904.0 =006 =007 =008 =020 ##$$a 978-979-1276-72-6 =035 ##$$a 0010-061400000000109 =040 ##$$a NBPDMAT =082 ##$$a 745.5 =090 ##$$a 745.5 $b Bag k =100 ##$$a Bagas Shinugi =245 ##$$a Keterampilan dari kertas / $c Bagas Shinugi =250 ##$$a Cet.3 =260 ##$$a Jakarta : $b Mediantara Semesta, $c 2011 =300 ##$$a 52 hlm. : $b ilus. ; $c 23 cm. =500 ##$$a Bibliografi : hlm. 52 =650 ##$$a Kerajinan Tangan =850 ##$$a NBPDMAT =990 ##$$a 21400822